000 00298nam a22001337a 4500
008 170731b xxu||||| |||| 00| 0 eng d
020 _a9780976335108
041 _aeng
080 _a004
100 _a32
101 _aSHK
245 _aDESIGNING WITH PRO/DESKTOP
_cHUTCHINSON,J
942 _2udc
_cBK
999 _c22238
_d22238